Language Quiz

Random Language or Spanish Quiz

Spanish 1 Unit 4 Agreement Drill Quiz Stats

 Plays Quiz not verified by Sporcle

Challenge
Share
Tweet
Embed
Score 0/40 Timer 10:00
0 Plays Today
Hint Answer % Correct
the yellow blousela blusa amarilla
92%
the blue shirtla camisa azul
69.3%
the orange sockslos calcetines anaranjados
68%
the white Tshirtla camiseta blanca
64%
the ugly winter hatel gorro feo
54.7%
the brown jacketla chaqueta marrón
52%
the black jeanslos jeans negros
50.7%
the red pantslos pantalones rojos
50.7%
the green shortslos pantalones cortos verdes
46.7%
the yellow sunhatel sombrero amarillo
45.3%
the blue shoeslos zapatos azules
45.3%
the orange dressel vestido anaranjado
44%
the new clothingla ropa nueva
44%
the white blouseslas blusas blancas
41.3%
the red jacketslas chaquetas rojas
38.7%
the brown sockslos calcetines marrones
37.3%
the ugly shirtslas camisas feas
37.3%
the black Tshirtslas camisetas negras
37.3%
the green winter hatslos gorros verdes
37.3%
the orange Tshirtslas camisetas anaranjadas
37.3%
Hint Answer % Correct
the yellow jeanslos jeans amarillos
34.7%
the blue shortslos pantalones cortos azules
34.7%
the new blouseslas blusas nuevas
34.7%
the green blousela blusa verde
34.7%
the yellow jacketslas chaquetas amarillas
32%
the orange shirtla camisa anaranjada
32%
the blue clothingla ropa azul
32%
the ugly Tshirtla camiseta fea
32%
the black shoeel zapato negro
30.7%
the white sockslos calcetines blancos
29.3%
the brown clothingla ropa marrón
29.3%
the ugly winter hatslos gorros feos
29.3%
the white dressel vestido blanco
28%
the brown shoeslos zapatos marrones
28%
the black clothingla ropa negra
28%
the red blousela blusa roja
26.7%
the green shoeel zapato verde
26.7%
the new winter hatel gorro nuevo
26.7%
the red winter hatel gorro rojo
25.3%
the new shoeslos zapatos nuevos
25.3%

You're not logged in!

Compare scores with friends on all Sporcle quizzes.
OR
Log In

You Might Also Like...

Show Comments

Extras

Created Feb 25, 2016ReportNominate
Tags:Spanish Quiz, agreement, drill, unit

Top Quizzes Today


Score Distribution

Your Account Isn't Verified!

In order to create a playlist on Sporcle, you need to verify the email address you used during registration. Go to your Sporcle Settings to finish the process.

Report this User

Report this user for behavior that violates our Community Guidelines.

Details: